| 000 | 00706nam a2200181 a 4500 | ||
|---|---|---|---|
| 008 | 070612s2007 ||||||||||||||||| || u | ||
| 020 | _a9780821367490 | ||
| 050 | _aHF 1604 Dan | ||
| 100 | _aYusuf, Shahid | ||
| 245 | 1 | 0 |
_aDancing with giants: China, India, and the global economy _cEdited by Winters, L. Alan |
| 260 |
_aWashington, D. C. _bWorld Bank _c2007 |
||
| 300 | _axvi, 272p.:ill. | ||
| 350 | _a0.00 | ||
| 650 | 0 | _aECONOMIC POLICY | |
| 650 | _aGLOBAL ECONOMY--ASIA--CHINA AND INDIA | ||
| 650 | _aFOREIGN ECONOMIC RELATIONS | ||
| 995 |
_D0.00 _FCBU-MAIN LIBRARY (Kitwe) _H1 _I0.00 _M1 _UAVAILABLE _WJun 12, 2007 _ZMain Library Open Access Collection |
||
| 999 |
_c39374 _d39374 |
||